Países europeos: escriba la primera letra - Estadísticas

Estadísticas generales
  • Esta prueba ha sido intentada 23.060 veces
  • La puntuación promedio es 30 de 45
Respuestas en el mapa
Las respuestas están codificadas por una escala verde-roja en el mapa de la prueba según el % correcto abajo.
 
Estadísticas de respuestas
País % Correcto
Alemania
68%
Andorra
68%
España
68%
Finlandia
68%
Francia
68%
Grecia
68%
Irlanda
68%
Portugal
68%
Reino Unido
68%
Rusia
68%
Austria
67%
Bélgica
67%
Bielorrusia
67%
Ciudad del Vaticano
67%
Dinamarca
67%
Estonia
67%
Italia
67%
Liechtenstein
67%
Lituania
67%
Malta
67%
Mónaco
67%
Noruega
67%
Polonia
67%
Suecia
67%
Suiza
67%
Ucrania
67%
Croacia
66%
Islandia
66%
Letonia
66%
Luxemburgo
66%
Macedonia del Norte
66%
Países Bajos
66%
República Checa
66%
Rumania
66%
San Marino
66%
Albania
65%
Bosnia y Herzegovina
65%
Bulgaria
65%
Eslovaquia
65%
Eslovenia
65%
Moldavia
65%
Montenegro
65%
Serbia
65%
Hungría
64%
Kosovo
64%
No se encontraron pruebas coincidentes
Distribución de puntuación
Porcentaje de gente con cada puntuación
Porcentaje por número respondido
Historial de tus puntuaciones
No has intentado esta prueba.